| 000 | 01320nam a2200145 4500 | ||
|---|---|---|---|
| 999 |
_c841 _d841 |
||
| 020 | _a9780136492030 | ||
| 050 | _aQA154.2 | ||
| 100 |
_aPirich , Donna Marie _aBigliani, Patricia A |
||
| 245 |
_aDiscovering algebra : _bexamples with keystrokes on the TI-82/TI-83 and TI-85/TI-86 : a laboratory approach _cDonna Marie Pirich; Patricia A Bigliani |
||
| 260 |
_aChichester ; New York : _bWiley, _c©1997. |
||
| 300 |
_a[x], 195 pages : _billustrations ; _c28 cm |
||
| 505 | _aPreface. Problem Solving with Technology: 10 Helpful Suggestions. Laboratory 1: Basic Concepts and Introduction to Graphing Calculators. Laboratory 2: Solution of Linear Equations. Laboratory 3: Solution of Linear Inequalities. Laboratory 4: Introduction to Graphing: The Equation of a Line. Laboratory 5: Data Analysis and Statistical Approach to the Equation of a Line. Laboratory 6: Systems of Linear Equations. Laboratory 7: Advanced Graphing Techniques: The Quadratic Equation. Laboratory 8: Functions. Laboratory 9: Polynomials. Laboratory 10: Rational Expressions. Laboratory 11: Rational Equations. Laboratory 12: Radicals and Exponents. Laboratory 13: Inverse Functions. Laboratory 14: Exponential and Logarithmic Functions. Laboratory 15: Conic Sections. | ||
| 650 |
_aAlgebra -- Data processing. _aGraphic calculators. |
||
| 942 | _cBK | ||